| 000 | 00000nas 2200000za 4500 |
| 001 | 9.822603 |
| 003 | CaOODSP |
| 005 | 20221107143720 |
| 007 | cr ||||||||||| |
| 008 | 160815c20169999xxc|| m o||||f0 |0eng|d |
| 040 | |aCaOODSP|beng |
| 043 | |an-cn--- |
| 086 | 1 |aEm15-3E-PDF |
| 245 | 00|aRed Seal occupational standard |h[electronic resource] / |cissued by Trades and Apprenticeship Division, Labour Market Integration Directorate. |
| 260 | |aOttawa : |bEmployment and Social Development Canada. |
| 300 | |av. |
| 500 | |aIssued also in French under title: Norme professionnelle du Sceau rouge. |
| 520 | |a"Employment and Social Development Canada (ESDC) sponsors the Red Seal Program, which, under the guidance of the CCDA [Canadian Council of Directors of Apprenticeship], develops a national occupational standard for each of the Red Seal trades. Standards have the following objectives: to describe and group the tasks performed by skilled workers; to identify which tasks are performed in every province and territory; to develop instruments for use in the preparation of Interprovincial Red Seal Examinations and assessment tools for apprenticeship and certification authorities; to develop common tools for apprenticeship on-the-job and technical training in Canada; to facilitate the mobility of apprentices and skilled workers in Canada; to supply employers, employees, associations, industries, training institutions and governments with analyses of occupations." Cf. Foreword, Red Seal Occupational Standard, Steamfitter/Pipefitter 2015. |
| 692 | 07|2gccst|aVocational training |
| 692 | 07|2gccst|aStandards |
| 692 | 07|2gccst|aWorkers |
| 710 | 1 |aCanada.|bEmployment and Social Development Canada. |bSkills and Employment Branch. |
| 710 | 1 |aCanada.|bLabour Market Integration Directorate. |
| 775 | 08|tNorme professionnelle du Sceau rouge |w(CaOODSP)9.822604 |